000 01598nam a2200457 i 4500
001 3086
003 KOSZ 005
005 20201020091736.0
008 201020s1986 pl a f 000 0 pol
015 _aUWD 1987/3199
035 _a991007156139705066
035 _a(PL-WaBN)b11859301-48omnis_nlop
035 _ab11859301
035 _a(OCoLC)749642052
035 _a(PL)b0000001185930
035 _a(EXLNZ-48OMNIS_NETWORK)9910162696005606
040 _aWA N
_cWA N
_dKOSZ 005/AR
046 _k1986
080 _a54
080 _a(075.8)
100 1 _aMorawski, Tadeusz
_c (chemik)
_eAutor
245 1 0 _aChemia ogólna :
_bskrypt dla studentów wydziałów niechemicznych wyższych szkół technicznych /
_cTadeusz Morawski ; Politechnika Krakowska im. Tadeusza Kościuszki.
250 _aWydanie 4.
260 _aKraków :
_bPolitechnika Krakowska,
_c1986.
300 _a290 stron :
_bilustracje ;
_c24 cm.
336 _aTekst
_btxt
_2rdacontent
337 _aBez urządzenia pośredniczącego
_bn
_2rdamedia
338 _aWolumin
_bnc
_2rdacarrier
380 _aKsiążki
380 _aPublikacje dydaktyczne
385 _mPoziom nauczania
_aSzkoły wyższe
388 _a1901-2000
388 _a1945-1989
650 7 _aChemia
_2DBN
655 7 _aPodręczniki akademickie
658 _aChemia
710 2 _aPolitechnika Krakowska im. Tadeusza Kościuszki
_4pbl
856 _uhttp://koha.tu.koszalin.pl/cgi-bin/koha/opac-detail.pl?biblionumber=3086
_yKatalog online BPK
942 _2UKD
_cKS
999 _c3086
_d3086